Feedback Control Systems (Record no. 291414)

MARC details
000 -LEADER
fixed length control field 00399nam a2200157Ia 4500
008 - FIXED-LENGTH DATA ELEMENTS--GENERAL INFORMATION
fixed length control field 230718s9999 xx 000 0 und d
041 ## - LANGUAGE CODE
Language code of text/sound track or separate title eng
082 ## - DEWEY DECIMAL CLASSIFICATION NUMBER
Classification number 629.83
Item number BHI
100 ## - MAIN ENTRY--PERSONAL NAME
Personal name Bhide S.D.
245 ## - TITLE STATEMENT
Title Feedback Control Systems
260 ## - PUBLICATION, DISTRIBUTION, ETC. (IMPRINT)
Date of publication, distribution, etc. 1993
Name of publisher, distributor, etc. Shree Publication
300 ## - PHYSICAL DESCRIPTION
Extent 339
365 ## - TRADE PRICE
Currency code Rs.
Price amount 100.00
700 ## - ADDED ENTRY--PERSONAL NAME
Personal name Bhide S.D. & Bakshi U.A.
906 ## - LOCAL DATA ELEMENT F, LDF (RLIN)
d B:61719-Oct-1993
c ETC
b 15
Holdings
Withdrawn status Lost status Damaged status Not for loan Home library Current library Date acquired Vendor Budget Code Cost, normal purchase price Bill number Full call number Barcode Date last seen Discount Cost, replacement price Bill Date Koha item type Original Barcode
Withdrawn       Cummins College of Engineering for Women Pune Cummins College of Engineering for Women Pune 21/10/1993 Pradeep Book Distributors ETC 85.00 617 629.83 CCEP-BK-2514 18/07/2023 15 100.00 19/10/1993 Books 002514